| 000 | 00000nam 2200000za 4500 |
| 001 | 9.840508 |
| 003 | CaOODSP |
| 005 | 20221107151847 |
| 007 | cr ||||||||||| |
| 008 | 170727s1983 onc |o f|0| 0 eng d |
| 040 | |aCaOODSP|beng |
| 043 | |an-cn--- |
| 086 | 1 |aCS11-617/85-6E-PDF |
| 100 | 1 |aHidiroglou, M. A. |
| 245 | 10|aChi-square tests for the analysis of three-way contingency tables from the Canada Health Survey |h[electronic resource] / |cM. A. Hidiroglou and J. N. K. Rao. |
| 260 | |aOttawa : |bStatistics Canada, |c1983. |
| 300 | |a32 p. |
| 490 | 1 |aWorking paper ; |v85-6 |
| 500 | |aIssued also in French under title: Tests khi-carré pour l'analyse de tableaux de contingence à trois dimensions tirés de l'Enquête Santé Canada. |
| 500 | |aDigitized edition from print [produced by Statistics Canada]. |
| 500 | |a"Working paper No. BSMD 85-006E." |
| 500 | |a"January 1983." |
| 504 | |aIncludes bibliographic references. |
| 692 | 07|2gccst|aMethodology |
| 692 | 07|2gccst|aStatistical analysis |
| 692 | 07|2gccst|aSurveys |
| 700 | 1 |aRao, J. N. K. |
| 710 | 1 |aCanada. |bStatistics Canada. |bMethodology Branch. |
| 775 | 08|tTest khi-carré pour l'analyse de tableaux de contingence à trois dimensions tirés de l'Enquête Santé Canada |w(CaOODSP)9.840509 |
| 830 | #0|aWorking paper (Statistics Canada. Methodology Branch)|v85-6|w(CaOODSP)9.834763 |
| 856 | 40|qPDF|s3.84 MB|uhttps://publications.gc.ca/collections/collection_2017/statcan/11-613/CS11-617-85-6-eng.pdf |
| 986 | |a11-617E no. 85-06 |